00629nam a2200193 a 4500001001000000005001700010008004100027020001500068041000800083044000800091050002100099100002400120245009900144260004600243300005100289504004100340650002600381700002800407BRCA_375120190320204418.0201009s1997----nyua---###---#000-0#eng-# a0962109673 aeng anyu 4aTR395b.K73 19971 aKraus, Hans P.cJr.10aSun PicturesbCatalogue Eight : The Rubel CollectioncHans P. Kraus : text by Larry J. Schaaf. aNew YorkbHans P. Kraus, Jr., Inc.cc1997 a77 p.bil. (algunas a color)c28 cm.e1 CD-Rom aIncluye referencias bibliográficas14aCalotipovCatálogos1 aSchaaf, Larry J.d1947-